Vista normal
Vista MARC
Entrada Personal Name
Número de registros utilizados en: 1
001 - CONTROL NUMBER
- control field: 17964
003 - CONTROL NUMBER IDENTIFIER
- control field: DLC
005 - DATE AND TIME OF LATEST TRANSACTION
- control field: 20260324164347.0
008 - FIXED-LENGTH DATA ELEMENTS
- fixed length control field: 841004n| azannaabn n aaa
010 ## - LIBRARY OF CONGRESS CONTROL NUMBER
- LC control number: n 84148114
- Canceled/invalid LC control number: n 84148873
035 ## - SYSTEM CONTROL NUMBER
- System control number: (OCoLC)oca01200891
040 ## - CATALOGING SOURCE
- Original cataloging agency: DLC
- Language of cataloging: spa
- Description conventions: rda
- Transcribing agency: Mx-PuUPA
- Modifying agency: DLC
- Modifying agency: OCoLC
- Modifying agency: DLC
- Modifying agency: Mx-PuUPA
046 ## - SPECIAL CODED DATES
- Birth date: 1941
- Source of date scheme: edtf
100 1# - HEADING--PERSONAL NAME
- Personal name: Anastasio, Dina,
- Dates associated with a name: 1941-
374 ## - OCCUPATION
- Occupation: Autor
375 ## - GENDER
- Gender: mujer
377 ## - ASSOCIATED LANGUAGE
- Language code: eng
670 ## - SOURCE DATA FOUND
- Source citation: Her The Romper Room book of shapes, c1985:
- Information found: CIP t.p. (Dina Anastasio)
670 ## - SOURCE DATA FOUND
- Source citation: LC data base, 10/1/84
- Information found: (hdg.: Anastasio, Dina)
670 ## - SOURCE DATA FOUND
- Source citation: U.S. copyright file, Dec. 18, 2007
- Information found: (Anastasio, Dina, 1941- )